Statistics for Mekong River City Map Quiz

Click here to take the quiz!

General Stats

  • This quiz has been taken 15 times
  • The average score is 6 of 13

Answers on the Map

Answers color-coded by a green-red scale on the quiz's map according to % correct below.
 

Answer Stats

Answer% Correct
Vientiane ວຽງຈັນ
73%
Luang Prabang ຫຼວງພະບາງ
60%
Phnom Penh រាជធានី​ភ្នំពេញ
60%
Jinghong 景洪 ᦋᦵᧂᦣᦳᧂᧈ
53%
Vĩnh Long
53%
Cần Thơ
47%
Mỹ Tho
47%
Qamdo 昌都 ཆབ་མདོ་
47%
Pakse ປາກເຊ
40%
Long Xuyên
33%
Kampong Cham ក្រុងកំពង់ចាម
27%
Savannakhet ໄກສອນ ພົມວິຫານ
27%
Huay Xai ຫ້ວຍຊາຍ
20%

Score Distribution

Percentile by Number Answered

Percent of People with Each Score

Your Score History

You have not taken this quiz